| 000 | 00376nam a22001697a 4500 | ||
|---|---|---|---|
| 003 | NUST | ||
| 020 | _a 8121901685 | ||
| 038 | _akhadija | ||
| 082 |
_a658.27 _bGAR |
||
| 100 |
_aGarg, Er. H.P. _985053 |
||
| 245 | _aIndustrial Maintenance | ||
| 260 |
_aNew Delhi: _bS. Chand, _c2009. |
||
| 300 |
_a554p. ; _b22 cm. |
||
| 500 | _aPaperback. | ||
| 563 | _aPB | ||
| 942 |
_cBK _2ddc |
||
| 999 |
_c32686 _d32686 |
||